000 02124nam0a2200397 4500
001 RU\NLR\BIBL_A\012664880
005 20220315185324.0
010 _a978-5-09-084391-1
_96000
021 _aRU
_bКН-П-23-020567
_9КН-П-23-2047
021 _aRU
_bКН-П-21-038709
_9КН-П-21-3022
021 _aRU
_bКН-П-21-069693
_9КН-П-21-5523
021 _aRU
_bКН-П-23-082035
_9КН-П-23-8321
035 _a(NLR Aleph) 012664880
090 _a12767061
_c12767061
100 _a20211214d2021 e y0rusy50 ca
101 0 _arus
102 _aRU
105 _aac||j|||000zy
181 0 _ai
_baxxe
182 0 _an
200 1 _aРусский язык
_e9 класс
_eучебник
_eсоответствует ФГОС
_fМ.М. Разумовская, С.И. Львова, В.И. Капинос, В.В. Львов
_gучебник переработан доктором педагогических наук С.И. Львовой и кандидатом педагогических наук В.В. Львовым
203 _aТекст
_bвизуальный
_cнепосредственный
205 _a9-е изд., стер.
210 _aМосква
_cПросвещение
_cДрофа
_d2021
215 _a236, [1] с., 8 с. цв. ил., портр.
_cил., цв. ил., портр.
_d24
320 _aБиблиогр.: с. 234
606 1 _aРусский язык
_jУчебники для средней школы
_2nlr_sh2
_3RU\NLR\AUTH\66969347
686 3 _aШ141.12-922.1[9]
701 1 _aКапинос
_bВ. И.
_cканд. пед. наук
_f1926-2017
_gВалентина Ивановна
_3RU\NLR\AUTH\770193473
701 1 _aЛьвов
_bВ. В.
_cканд. пед. наук
_gВалентин Витальевич
_3RU\NLR\AUTH\7710850
701 1 _aЛьвова
_bС. И.
_cд-р пед. наук
_gСветлана Ивановна
_3RU\NLR\AUTH\7724684
701 1 _aРазумовская
_bМ. М.
_f1926-2004
_gМаргарита Михайловна
_3RU\NLR\AUTH\7724730
942 _cBOOK
980 _aNB